<?xml version="1.0" encoding="UTF-8"?>
<collection xmlns="http://www.loc.gov/MARC21/slim">
  <record>
    <leader>00000nam  2200000   4500</leader>
    <controlfield tag="001">INLIS000000000003007</controlfield>
    <controlfield tag="005">20190401030632</controlfield>
    <datafield tag="035" ind1="#" ind2="#">
      <subfield code="a">0010-0718003007</subfield>
    </datafield>
    <controlfield tag="008">190401################g##########0#ind##</controlfield>
    <datafield tag="020" ind1="#" ind2="#">
      <subfield code="a">9798289145</subfield>
    </datafield>
    <datafield tag="041" ind1=" " ind2=" ">
      <subfield code="a">id</subfield>
    </datafield>
    <datafield tag="082" ind1="#" ind2="#">
      <subfield code="a">091</subfield>
    </datafield>
    <datafield tag="090" ind1=" " ind2=" ">
      <subfield code="a">091 Jus p</subfield>
    </datafield>
    <datafield tag="100" ind1=" " ind2="#">
      <subfield code="a">Jusuf, Jumsari</subfield>
    </datafield>
    <datafield tag="245" ind1="1" ind2="#">
      <subfield code="a">Pengaruh Islam yang Tercermin dalam Beberapa Naskah Melayu /</subfield>
      <subfield code="c">Jumsari Yusuf</subfield>
    </datafield>
    <datafield tag="260" ind1="#" ind2="#">
      <subfield code="a">Jakarta :</subfield>
      <subfield code="b">Perpustakaan Nasional RI,</subfield>
      <subfield code="c">1994</subfield>
    </datafield>
    <datafield tag="300" ind1="#" ind2="#">
      <subfield code="a">xiii; 72 hlm. :</subfield>
      <subfield code="b">ilus ;</subfield>
      <subfield code="c">27 cm</subfield>
    </datafield>
    <datafield tag="500" ind1="#" ind2="#">
      <subfield code="a">Karya Sastra Klasik merupakan salah satu warisan budaya bangsa yang mengandung nilai budaya yang tinggi dan berharga yang perlu dilestarikan. Selain berfungsi sebagai bacaan hiburan, karya sastra klasik juga bermanfaat karena mengandung nilai-nilai budaya berupa gagasan pikiran, cita-cita dan pandangan hidup si pengarang yang tinggi dan berharga. Buku monografi ini bertujuan untuk memperkenalkan kepada masyarakat koleksi naskah Melayu di Perpustakaan Nasional RI yang mendapat pengaruh agama Islam.</subfield>
    </datafield>
    <datafield tag="650" ind1=" " ind2="#">
      <subfield code="a">Manuskrip</subfield>
    </datafield>
    <datafield tag="084" ind1="#" ind2="#">
      <subfield code="a">091 Jus p</subfield>
    </datafield>
    <datafield tag="250" ind1="#" ind2="#">
      <subfield code="a">Edisi Baru</subfield>
    </datafield>
    <datafield tag="856" ind1="#" ind2="#">
      <subfield code="a">Perpustakaan Lembaga Administrasi Negara</subfield>
    </datafield>
    <datafield tag="990" ind1="#" ind2="#">
      <subfield code="a">27.067/LAN/195</subfield>
    </datafield>
  </record>
</collection>
